000 01218nam a2200253Ia 4500
003 OSt
005 20220930094942.0
006 a|||||r|||| 00| 0
007 ta
008 220926b |||||||| |||| 00| 0 hin d
024 _a56642
037 _cTheses
040 _aCRL
_cCRL
_bhin
041 _2hin
_ahin
100 _aसिंह, अजीत, ले.
110 _aदिल्ली विश्वविद्यालय. संगीत एवं ललित कला संकाय. संगीत विभाग
245 0 _aहिन्दुस्तानी शास्त्रीय संगीत पर सामाजिक परिवर्तन का प्रभावः वर्तमान के संदर्भ में।
246 _aHindustānī shāstrīya sangīt par sāmājik parivartan kā prabhāvah vartamān ke sandarbha mean।
260 _c2016
300 _a270 पृ.
_ap.
_ccm.
700 _aदिल्ली विश्वविद्यालय. संगीत एवं ललित कला संकाय. संगीत विभाग
942 _cDIS
_2CC
999 _c888037
_d888037